Bienvenido a nuestro catálago, Biblioteca Universidad Monteávila

OPUS DEI (Registro nro. 13383)

Detalles MARC
000 -CABECERA
campo de control de longitud fija 02633nam a2200253 4500
003 - IDENTIFICADOR DEL NÚMERO DE CONTROL
campo de control vecauma
005 - FECHA Y HORA DE LA ÚLTIMA TRANSACCIÓN
campo de control 20260415192704.0
007 - CAMPO FIJO DE DESCRIPCIÓN FÍSICA--INFORMACIÓN GENERAL
campo de control de longitud fija ta
008 - DATOS DE LONGITUD FIJA--INFORMACIÓN GENERAL
campo de control de longitud fija 260415b ve ||||| |||| 00| 0 spa d
020 ## - ISBN
Número Internacional Estándar del Libro 8432123838
040 ## - FUENTE DE LA CATALOGACIÓN
Centro catalogador/agencia de origen vecauma
Lengua de catalogación spa
Centro/agencia transcriptor vecauma
Centro/agencia modificador vecauma
Normas de descripción rda
041 ## - CÓDIGO DE LENGUA
Código de lengua del recurso spa
100 1# - AUTOR PERSONAL
Término indicativo de función/relación autor
245 1# - MENCIÓN DE TÍTULO
Título OPUS DEI
Resto del título Vida y obra del fundador Josemaría Escrivá de Balaguer
Mención de responsabilidad, etc. / Peter Berglar
264 ## - PRODUCCIÓN, PUBLICACIÓN, DISTRIBUCIÓN, FABRICACIÓN Y COPYRIGHT
Producción, publicación, distribución, fabricación y copyright Madrid:
Nombre del de productor, editor, distribuidor, fabricante Ediciones Rialp, S.A.;
Fecha de producción, publicación, distribución, fabricación o copyright 1989.
300 ## - DESCRIPCIÓN FÍSICA
Extensión 434 páginas.
336 ## - TIPO DE CONTENIDO
Término de tipo de contenido texto
Código de tipo de contenido txt
Fuente rdacontenido
337 ## - TIPO DE MEDIO
Nombre/término del tipo de medio no mediado
Código del tipo de medio n
Fuente rdamedio
338 ## - TIPO DE SOPORTE
Nombre/término del tipo de soporte volumen
Código del tipo de soporte nc
Fuente rdasoporte
505 0# - NOTA DE CONTENIDO CON FORMATO
Nota de contenido con formato Tradición y progreso en la vida de la iglesia un ejemplo: El OPUS DEI /<br/>Huellas en la nieve /<br/>La oración en la noche /<br/>Las campanas /<br/>Conquistadores y granos de trigo /<br/>Guerra en España /<br/>La pesca milagrosa /<br/>Romano, Mariano /<br/>La vida cotidiana /<br/>Retrato /
520 3# - SUMARIO, ETC.
Sumario, etc. El Opus Dei existe desde 1928, y está presente entre personas de 87 países. Cuenta en la actualidad con más de 73.000 miembros. Mons. Josemaría Escrivá de Balaguer, su Fundador, es una de las personalidades más decisivas de la historia de la Iglesia contemporánea. Este estudio monográfico de Peter Berglar que ahora se ofrece al lector hispano, constituye un extenso y profundo análisis, rigurosamente documentado, sobre el Opus Dei y su Fundador. Su autor ha consultado durante varios años los archivos y los escritos -algunos inéditos de Mons. Escrivá de Balaguer, y ha mantenido numerosas conversaciones y una amplia correspondencia con sus más estrechos colaboradores (especialmente con su sucesor, el actual Prelado del Opus Dei, Mons. Álvaro del Portillo). Peter Berglar analiza en este libro los diversos aspectos históricos, biográficos y espirituales del Opus Dei, que constituyen una clave fundamental para la comprensión de la historia reciente de la Iglesia Católica. Peter Berglar nació en 1919 en Kassel, en la actual República Federal Alemana. Hijo de un periodista, estudió Medicina, profesión que ejerció entre 1943 y 1966; en los últimos años, se especializó en Medicina Interna en Colonia. Tras estudiar Historia y hacer el doctorado, es, desde 1970, profesor en la Universidad de Colonia. Como periodista y escritor ha adquirido renombre internacional. Además de numerosos ensayos y artículos, ha publicado más de veinte libros, entre los que destacan varias biografías. Por su biografía sobre Sto. Tomás Moro, el Papa Juan Pablo II le nombró, en 1980, Caballero de la Orden de San Gregorio.
942 #1 - ELEMENTOS DE ENTRADA AGREGADA (KOHA)
Fuente del sistema de clasificación o colocación Library of Congress Classification
Ocultar en OPAC No
Tipo de ítem Koha Libros
Existencias
Estado de retiro Estado de pérdida Fuente del sistema de clasificación o colocación Estado dañado No para préstamo Código de colección Localización permanente Ubicación/localización actual Ubicación en estantería Fecha de adquisición Número de inventario Total de préstamos Código de barras Fecha visto por última vez Precio válido a partir de Tipo de ítem Koha
    Library of Congress Classification     Colección general Biblioteca Universidad Monteávila Biblioteca Universidad Monteávila Colección general 15/04/2026 1646   2026-0523 15/04/2026 15/04/2026 Libros

Copyright @ UMA Library
Universidad Monteávila Caracas, Venezuela

Edif. Sede principal Universidad Monteávila. Av. El Buen Pastor. Boleíta Norte. Caracas. 
Customized by Universidad Monteávila

Con tecnología Koha